A-Z Title Character Slideshow IV Quiz Stats

 Plays Quiz Updated Oct 1, 2016

Score 0/23 Timer 08:00
2 Plays Today
% Correct
Batman (Batman)
99.5%
Harry Potter (Harry Potter and the Chamber of Secrets)
97.3%
Spider-Man (The Amazing Spider-Man)
95.9%
Charlie Bucket (Charlie and the Chocolate Factory)
93.1%
Popeye (Popeye)
92.2%
George (George of the Jungle)
89.2%
Lilo Pelekai (Lilo & Stitch)
88.4%
V (V for Vendetta)
83.5%
Annie Hall (Annie Hall)
81.3%
Ted Kramer (Kramer vs. Kramer)
70.3%
James Henry Trotter (James and the Giant Peach)
68.9%
Richard Nixon (Frost/Nixon)
62.5%
% Correct
Emma Woodhouse (Emma)
56%
Dances with Wolves (Dances with Wolves)
50.9%
Octopussy (Octopussy)
38.4%
Lt. Raymond Tango (Tango & Cash)
36%
White Fang (White Fang 2: Myth of the White Wolf)
35.2%
Michael 'Mickey' Felgate (Mickey Blue Eyes)
34.8%
Richard III (Richard III)
32%
Iris Murdoch (Iris)
28.3%
Ulee Jackson (Ulee's Gold)
23.1%
Frances (Frances Ha)
19.6%
Yolanda (Yolanda and the Thief)
8.8%

You're not logged in!

Compare scores with friends on all Sporcle quizzes.
OR
Log In

You Might Also Like...

Show Comments

Extras

Top Quizzes Today


Score Distribution

Your Account Isn't Verified!

In order to create a playlist on Sporcle, you need to verify the email address you used during registration. Go to your Sporcle Settings to finish the process.

Report this User

Report this user for behavior that violates our Community Guidelines.

Details: